Govt. of
Madhya Pradesh

The Essentials of Public Administration (Record no. 34612)

MARC details
000 -LEADER
fixed length control field 004440000a22001690004500
003 - CONTROL NUMBER IDENTIFIER
control field MACL
005 - DATE AND TIME OF LATEST TRANSACTION
control field 20160101160243.0
008 - FIXED-LENGTH DATA ELEMENTS--GENERAL INFORMATION
fixed length control field 160101b xxu||||| |||| 00| 0 eng d
040 ## - CATALOGING SOURCE
Original cataloging agency MACL
Transcribing agency MACL
041 ## - LANGUAGE CODE
Language code of text/sound track or separate title English
082 ## - DEWEY DECIMAL CLASSIFICATION NUMBER
Classification number 350/GLA
100 ## - MAIN ENTRY--PERSONAL NAME
Personal name Gladden, E N
9 (RLIN) 26624
245 ## - TITLE STATEMENT
Title The Essentials of Public Administration
260 ## - PUBLICATION, DISTRIBUTION, ETC. (IMPRINT)
Name of publisher, distributor, etc. Staples Press
Date of publication, distribution, etc. 1953
Place of publication, distribution, etc. England
650 ## - SUBJECT ADDED ENTRY--TOPICAL TERM
Topical term or geographic name as entry element Public Administration
9 (RLIN) 26625
942 ## - ADDED ENTRY ELEMENTS (KOHA)
Koha item type Books
Call number prefix 350/GLA
Source of classification or shelving scheme
Holdings
Withdrawn status Lost status Source of classification or shelving scheme Damaged status Not for loan Home library Current library Date acquired Total Checkouts Full call number Barcode Date last seen Uniform Resource Identifier Price effective from Koha item type
          MACL MACL 15/04/2015   350/GLA CLE008157 29/04/2015 34816 15/04/2015 Books